ՀՀ Գիտությունների ազգային ակադեմիայի հիմնարար գիտական գրադարան  =   Fundamental Scientific Library of NAS RA

Устные рассказы и легенды о декабристах в Сибири : (Record no. 325530)

MARC details
000 -LEADER
fixed length control field 00666nam a2200193 a 4500
001 - CONTROL NUMBER
control field 000976752
003 - CONTROL NUMBER IDENTIFIER
control field AM-YeHGA
005 - DATE AND TIME OF LATEST TRANSACTION
control field 20250617150145.0
008 - FIXED-LENGTH DATA ELEMENTS--GENERAL INFORMATION
fixed length control field 130729s1937 ||| r 000 0 rus d
040 ## - CATALOGING SOURCE
Original cataloging agency AM-YeHGA
041 0# - LANGUAGE CODE
Language code of text/sound track or separate title rus
090 ## - LOCALLY ASSIGNED LC-TYPE CALL NUMBER (OCLC); LOCAL CALL NUMBER (RLIN)
-- 327276
245 00 - TITLE STATEMENT
Title Устные рассказы и легенды о декабристах в Сибири :
Remainder of title Сборник /
Statement of responsibility, etc. Сост. и подгот. к печати А. Гуревич.
260 ## - PUBLICATION, DISTRIBUTION, ETC.
Place of publication, distribution, etc. Иркутск :
Name of publisher, distributor, etc. Вост.-Сиб. обл. изд-во,
Date of publication, distribution, etc. 1937.
300 ## - PHYSICAL DESCRIPTION
Extent 84 с.
653 0# - INDEX TERM--UNCONTROLLED
Uncontrolled term Декабристы (х. л.)
700 1# - ADDED ENTRY--PERSONAL NAME
Personal name Гуревич, А.
Relator term сост.
Relationship com
942 ## - ADDED ENTRY ELEMENTS (KOHA)
Source of classification or shelving scheme Universal Decimal Classification
Koha item type Գրքեր / Books
Holdings
Withdrawn status Lost status Source of classification or shelving scheme Damaged status Not for loan Collection Home library Current library Date acquired Total checkouts Full call number Barcode Date last seen Price effective from Koha item type Public note
    Universal Decimal Classification     General Fundamental Scientific Library Fundamental Scientific Library 09/01/2017   PII/486114 FL0266664 09/01/2017 09/01/2017 Գրքեր / Books 30 Days Loan
          General Fundamental Scientific Library Fundamental Scientific Library 11/10/2019   РД II/64600 FL0602915 11/10/2019 11/10/2019 Գրքեր / Books 30 Days Loan


ՀՀ ԳԱԱ հիմնարար գիտական գրադարան
ՀՀ,Երևան 0019
Մարշալ Բաղրամյան 24/6
հեռախոս:(374-10) 52-47-50
Հետադարձ կապ

All site content, except where otherwise noted, is licensed under a
Creative Commons License